[Event "MCR senioru 2013 - 60"]
[Site "?"]
[Date "2013.08.25"]
[Round "9.14"]
[White "Truksa, Vaclav"]
[Black "Most, Zdenek"]
[Result "0-1"]
[WhiteElo "1871"]
[BlackElo "2046"]
[PlyCount "146"]
[EventDate "2013.??.??"]
[SourceDate "2013.08.25"]

1. d4 Nf6 2. Nf3 d5 3. e3 e6 4. Bd3 b6 5. Nbd2 Bb7 6. O-O Nbd7 7. Re1 c5 8. c3
Be7 9. e4 cxd4 10. cxd4 dxe4 11. Nxe4 Nxe4 12. Bxe4 Bxe4 13. Rxe4 Nf6 14. Re1
O-O 15. Ne5 Qd5 16. Be3 Rac8 17. Qe2 Rfd8 18. Red1 h6 19. h3 Bd6 20. Bf4 Rc7
21. Qa6 Qe4 22. Bg3 Nh5 23. Qd3 Nxg3 24. Qxg3 Rc2 25. Qd3 Qxd3 26. Nxd3 Rc4 27.
Ne1 Be7 28. Nf3 Bf6 29. Rab1 Rd5 30. b3 Rc2 31. a4 a6 32. Kf1 g5 33. g4 Kg7 34.
Kg2 Kg6 35. Kf1 Bg7 36. Kg2 h5 37. Kf1 f5 38. gxh5+ Kxh5 39. Kg2 Kg6 40. Kg3
Bf6 41. Kg2 Kf7 42. Kg3 b5 43. axb5 Rxb5 44. Rd3 a5 45. Ra1 Re2 46. Kg2 Rd5 47.
Rad1 Ke7 48. Ne5 Bxe5 49. dxe5 Rdxe5 50. R1d2 Rxd2 51. Rxd2 Rb5 52. Rd3 Rb4 53.
f3 Kf6 54. Kg3 Ke5 55. Re3+ Kd5 56. Rd3+ Kc5 57. Kf2 Rd4 58. Re3 Rd2+ 59. Ke1
Rd6 60. Ke2 Rb6 61. Kd2 Kd4 62. Rd3+ Ke5 63. Kc2 Rc6+ 64. Kb2 Kf4 65. Ka3 Kg3
66. Ka4 Rc5 67. Rd6 Re5 68. Rd3 f4 69. b4 axb4 70. Kxb4 Kxh3 71. Kc4 Kg3 72.
Ra3 Re3 73. Ra5 e5 0-1

[Event "MCR senioru 2013 - 60"]
[Site "?"]
[Date "2013.08.25"]
[Round "9.15"]
[White "Palla, Stanislav"]
[Black "Trojan, Lubos"]
[Result "0-1"]
[WhiteElo "1785"]
[BlackElo "2016"]
[PlyCount "96"]
[EventDate "2013.??.??"]
[SourceDate "2013.08.25"]

1. e4 c5 2. c3 d5 3. exd5 Qxd5 4. d4 e6 5. Nf3 Be7 6. Be2 Nf6 7. O-O O-O 8.
dxc5 Qxc5 9. Be3 Qc7 10. Qc2 Nbd7 11. Nbd2 b6 12. Rfe1 Bb7 13. Rad1 Rfd8 14. h3
Nf8 15. Nf1 Be4 16. Qc1 Ng6 17. Rxd8+ Rxd8 18. Rd1 h6 19. Rxd8+ Qxd8 20. Qd2
Qa8 21. N1h2 Nd5 22. c4 Bb4 23. Qd4 Ndf4 24. Qd1 Nxe2+ 25. Qxe2 e5 26. a3 Be7
27. a4 f5 28. Ne1 f4 29. Bd2 Bc5 30. b4 Bd6 31. f3 Bf5 32. Nd3 e4 33. Nb2 Be5
34. Be1 Bd4+ 35. Kh1 Ne5 36. fxe4 Bxe4 37. Qd2 Bxb2 38. Qxb2 Nd3 39. Qe2 Nxe1
40. Qxe1 Bxg2+ 41. Kg1 Bxh3 42. Qd2 Qe4 43. Qd5+ Qxd5 44. cxd5 Kf8 45. Kf2 Ke7
46. Kf3 g5 47. Ke4 Kd6 48. Nf3 Bg2 0-1

[Event "MCR senioru 2013 - 60"]
[Site "?"]
[Date "2013.08.25"]
[Round "9.18"]
[White "Jirasek, Jiri"]
[Black "Gunnarsson, Leif"]
[Result "1-0"]
[WhiteElo "1952"]
[BlackElo "1831"]
[PlyCount "97"]
[EventDate "2013.??.??"]
[SourceDate "2013.08.25"]

1. d4 Nf6 2. c4 e5 3. dxe5 Ng4 4. Bf4 g5 5. Bg3 Bg7 6. Nf3 Nc6 7. e4 Ngxe5 8.
Nxe5 Nxe5 9. Nc3 d6 10. Rc1 Be6 11. b3 h5 12. h4 g4 13. Be2 c6 14. Bf4 Qe7 15.
Qd2 O-O-O 16. Qe3 Kb8 17. g3 Ka8 18. Kf1 Ng6 19. Rd1 Nxf4 20. gxf4 Qf6 21. Rd3
Bh6 22. e5 Qxf4 23. Rxd6 Rxd6 24. Qxf4 Bxf4 25. exd6 Bxd6 26. Ne4 Be7 27. Kg2
Bf5 28. Ng3 Bg6 29. f3 f5 30. Bd3 Rd8 31. Nxf5 Bxf5 32. Bxf5 Rd2+ 33. Kg3 Bd6+
34. f4 Kb8 35. Bg6 Rxa2 36. Bxh5 Rb2 37. Bf7 Rxb3+ 38. Kxg4 Rd3 39. h5 Rd4 40.
Rf1 Bf8 41. Bg6 Bg7 42. h6 Bh8 43. Re1 Rd8 44. f5 Kc7 45. f6 Rd2 46. f7 Rg2+
47. Kh5 Rh2+ 48. Kg4 Rf2 49. Re8 1-0

[Event "MCR senioru 2013 - 60"]
[Site "?"]
[Date "2013.08.25"]
[Round "9.19"]
[White "Innemann, Frantisek"]
[Black "Bainhofer, Jri"]
[Result "1/2-1/2"]
[WhiteElo "1919"]
[BlackElo "1809"]
[PlyCount "25"]
[EventDate "2013.??.??"]
[SourceDate "2013.08.25"]

1. e4 e5 2. f4 Bc5 3. Nf3 d6 4. Nc3 Nc6 5. Bc4 Nf6 6. d3 Be6 7. Nd5 Nd4 8. c3
Nxf3+ 9. gxf3 c6 10. Nxf6+ Qxf6 11. h4 Bxc4 12. fxe5 Qxe5 13. f4 1/2-1/2

[Event "MCR senioru 2013 - 70"]
[Site "?"]
[Date "2013.08.25"]
[Round "9.1"]
[White "Vitek, Vaclav"]
[Black "Mesiarik, Rudolf"]
[Result "1/2-1/2"]
[WhiteElo "2043"]
[BlackElo "2179"]
[PlyCount "93"]
[EventDate "2013.??.??"]
[SourceDate "2013.08.25"]

1. d4 c5 2. c3 Qc7 3. Nf3 e6 4. e4 d6 5. Be3 Nf6 6. Nfd2 b6 7. Na3 Bb7 8. f3 a6
9. Be2 Be7 10. O-O O-O 11. Rc1 Nbd7 12. Re1 Rac8 13. Nf1 Qb8 14. Qd2 b5 15. Bd3
Rfe8 16. Ng3 cxd4 17. cxd4 Rxc1 18. Rxc1 Rc8 19. Rxc8+ Qxc8 20. Qc1 Qxc1+ 21.
Bxc1 Bd8 22. Nc2 Bb6 23. Be3 g6 24. Kf1 e5 25. d5 Bxe3 26. Nxe3 Nc5 27. Bc2 a5
28. Ke1 Ba6 29. Ngf1 Kf8 30. Nd2 Nfd7 31. b3 Nb6 32. g4 Ke7 33. h4 b4 34. Ndc4
Nxc4 35. bxc4 a4 36. Kd2 Kd7 37. Bb1 Kc7 38. Nc2 b3 39. Na3 Kb6 40. Kc3 Ka5 41.
axb3 Nxb3 42. Bc2 Nd4 43. Bd1 Kb6 44. Kb4 h6 45. Nc2 Nb3 46. Na3 Nd4 47. Kc3
1/2-1/2

[Event "MCR senioru 2013 - 70"]
[Site "?"]
[Date "2013.08.25"]
[Round "9.2"]
[White "Jacek, Miloslav"]
[Black "Abraham, Karel"]
[Result "1/2-1/2"]
[WhiteElo "2030"]
[BlackElo "1779"]
[PlyCount "61"]
[EventDate "2013.??.??"]
[SourceDate "2013.08.25"]

1. e4 e6 2. d4 d5 3. Nd2 Nf6 4. e5 Nfd7 5. Bd3 c5 6. c3 Nc6 7. Ne2 cxd4 8. cxd4
f6 9. exf6 Qxf6 10. Nf3 Bb4+ 11. Bd2 O-O 12. O-O Bxd2 13. Qxd2 e5 14. dxe5
Ndxe5 15. Nxe5 Nxe5 16. Bc2 Be6 17. Qd4 a6 18. f4 Nc6 19. Qxf6 Rxf6 20. f5 Bf7
21. Rf4 Rd8 22. Nd4 Nxd4 23. Rxd4 Rfd6 24. Bb3 g6 25. fxg6 Bxg6 26. Rad1 Bf7
27. R1d3 Kg7 28. Kf2 Bg6 29. Rg3 Kf6 30. Rc3 Be4 31. Rc7 1/2-1/2

[Event "MCR senioru 2013 - 70"]
[Site "?"]
[Date "2013.08.25"]
[Round "9.3"]
[White "Macura, Emil"]
[Black "Laszkiewicz, Jerzy"]
[Result "1/2-1/2"]
[WhiteElo "1944"]
[BlackElo "1971"]
[PlyCount "25"]
[EventDate "2013.??.??"]
[SourceDate "2013.08.25"]

1. e4 c5 2. Ne2 Nc6 3. Nbc3 e5 4. d3 d6 5. Nd5 Nge7 6. f4 Nxd5 7. exd5 Ne7 8.
c4 exf4 9. Bxf4 Ng6 10. Bg3 Be7 11. Nc3 O-O 12. Be2 Bf6 13. O-O 1/2-1/2

[Event "MCR senioru 2013 - 70"]
[Site "?"]
[Date "2013.08.25"]
[Round "9.4"]
[White "Pavlu, Jiri"]
[Black "Zamecnik, Bohumir"]
[Result "1/2-1/2"]
[WhiteElo "1871"]
[BlackElo "1894"]
[PlyCount "64"]
[EventDate "2013.??.??"]
[SourceDate "2013.08.25"]

1. d4 Nf6 2. c4 c5 3. d5 e5 4. Nc3 d6 5. e4 Be7 6. Nf3 O-O 7. Be2 Ne8 8. Qc2
Na6 9. a3 Bg4 10. h3 Bxf3 11. Bxf3 Bg5 12. Bxg5 Qxg5 13. Qd2 Qxd2+ 14. Kxd2 g6
15. g4 f6 16. Be2 Rf7 17. Raf1 Nac7 18. f4 Ng7 19. fxe5 fxe5 20. Rxf7 Kxf7 21.
b4 b6 22. bxc5 dxc5 23. g5 Nge8 24. a4 Nd6 25. Ke3 Ke7 26. Rf1 Rf8 27. Rxf8
Kxf8 28. Nd1 Ke7 29. Nf2 Nf7 30. h4 h5 31. Nd1 Ne8 32. Kd3 Nc7 1/2-1/2

[Event "MCR senioru 2013 - 70"]
[Site "?"]
[Date "2013.08.25"]
[Round "9.5"]
[White "Glembek, Bohumir"]
[Black "Prachar, Josef"]
[Result "0-1"]
[WhiteElo "1744"]
[BlackElo "1888"]
[PlyCount "130"]

1. d4 Nf6 2. c4 e6 3. Nc3 Bb4 4. e3 O-O 5. Bd3 d5 6. Nge2 Nc6 7. O-O dxc4 8.
Bxc4 Bd6 9. Bd3 e5 10. d5 Ne7 11. e4 Ng6 12. Ng3 Bg4 13. Be2 Bd7 14. Be3 a6 15.
Rc1 Nf4 16. Nh5 Nxe2+ 17. Qxe2 Ng4 18. h3 Nxe3 19. Qxe3 Qh4 20. Ng3 g6 21. Nge2
b6 22. Qg3 Qe7 23. a3 f5 24. f3 f4 25. Qe1 g5 26. g4 Rf7 27. Kg2 Raf8 28. Rh1
h5 29. Na2 hxg4 30. hxg4 Bxg4 31. Rh6 Bxf3+ 32. Kxf3 g4+ 33. Kf2 Qg5 34. Qh1
Rg7 35. Qh4 Bc5+ 36. Rxc5 bxc5 37. Qxg5 Rxg5 38. Nac3 g3+ 39. Kf3 g2 40. Re6
g1=Q 41. Nxg1 Rxg1 42. Rxe5 Rg3+ 43. Kf2 Rb8 44. Na4 Rbb3 45. Re7 Rge3 46. Rxc7
Rxe4 47. Nxc5 Rxb2+ 48. Kf3 Rd4 49. Rd7 Ra2 50. Ne4 Rxa3+ 51. Kxf4 Raa4 52. Re7
Rxd5 53. Ke3 Ra3+ 54. Kf4 Kf8 55. Re6 a5 56. Nd6 Ra4+ 57. Ke3 Rh5 58. Re8+ Kg7
59. Ne4 Rh4 60. Re5 Ra3+ 61. Kd4 a4 62. Ra5 Rah3 63. Ra6 a3 64. Ra5 Rg3 65. Ra6
Rgg4 0-1

[Event "MCR senioru 2013 - 70"]
[Site "?"]
[Date "2013.08.25"]
[Round "9.6"]
[White "Folta, Jaroslav"]
[Black "Vlasak, Ladislav"]
[Result "0-1"]
[WhiteElo "1877"]
[BlackElo "1797"]
[PlyCount "48"]
[EventDate "2013.??.??"]
[SourceDate "2013.08.25"]

1. Nf3 Nf6 2. d4 g6 3. Bg5 Bg7 4. e3 O-O 5. Bc4 d6 6. O-O Nc6 7. Nbd2 Na5 8.
Bd3 c5 9. c3 Bg4 10. h3 Bxf3 11. Nxf3 c4 12. Bc2 d5 13. Re1 Rc8 14. e4 dxe4 15.
Bxe4 Nxe4 16. Rxe4 Re8 17. Qe2 f6 18. Bh4 b5 19. Re1 Nc6 20. Bg3 Qd5 21. Re6
Kf7 22. Bd6 Bf8 23. Bc5 a5 24. Rd6 exd6 0-1

[Event "MCR senioru 2013 - 70"]
[Site "?"]
[Date "2013.08.25"]
[Round "9.7"]
[White "Petrzelka, Karel"]
[Black "Reichmann, Pavel"]
[Result "1-0"]
[WhiteElo "1890"]
[BlackElo "1840"]
[PlyCount "81"]
[EventDate "2013.??.??"]
[SourceDate "2013.08.25"]

1. d4 Nf6 2. Nc3 g6 3. e4 d6 4. Bg5 Bg7 5. e5 dxe5 6. dxe5 Qxd1+ 7. Rxd1 Nfd7
8. Nd5 Bxe5 9. Nf3 Bd6 10. Bxe7 Bxe7 11. Nxc7+ Kf8 12. Nxa8 Bd8 13. Bb5 Kg7 14.
O-O a6 15. Bxd7 Bxd7 16. Ne5 Be6 17. Rfe1 Nc6 18. Nxc6 bxc6 19. a3 Kf6 20. c4
Kg7 21. b3 c5 22. Rd6 Ba5 23. Rexe6 fxe6 24. Rxa6 Bc3 25. Nc7 e5 26. Nd5 Bd4
27. b4 Rf8 28. Ne3 cxb4 29. axb4 Rb8 30. b5 Rc8 31. Ra4 Kf6 32. Kf1 Ke6 33. Ke2
Kd6 34. Nd5 e4 35. f3 exf3+ 36. gxf3 Re8+ 37. Kd3 Bc5 38. Ra6+ Ke5 39. f4+ Kf5
40. h3 Rf8 41. Rc6 1-0

[Event "MCR senioru 2013 - 70"]
[Site "?"]
[Date "2013.08.25"]
[Round "9.8"]
[White "Neubauer, Vilem"]
[Black "Strakos, Tomas"]
[Result "0-1"]
[WhiteElo "1873"]
[BlackElo "1779"]
[PlyCount "100"]
[EventDate "2013.??.??"]
[SourceDate "2013.08.25"]

1. f4 d5 2. g3 Nf6 3. Bg2 g6 4. Nf3 Bg7 5. O-O c5 6. d3 Nc6 7. Nc3 O-O 8. e4 d4
9. Ne2 e5 10. f5 Ng4 11. h3 Ne3 12. Bxe3 dxe3 13. g4 Nd4 14. c3 Nc6 15. Ng3 Bh6
16. Re1 Bf4 17. Nf1 Qb6 18. Qe2 Nd4 19. cxd4 cxd4 20. Red1 Bd7 21. Rab1 g5 22.
Qe1 Qa6 23. Ng3 Bb5 24. Bf1 Rac8 25. Nh5 f6 26. Nxf4 gxf4 27. g5 Rc2 28. gxf6
Qxf6 29. Qh4 Qxh4 30. Nxh4 e2 31. Bxe2 Rxe2 32. Nf3 Re8 33. Nh2 Re3 34. Ng4
Rg3+ 35. Kh2 Kf7 36. Nf2 Reg8 37. Ng4 Re8 38. Nf2 Ke7 39. Ng4 Kd6 40. Re1 Bxd3
41. Rbd1 Rc8 42. Rd2 Rc2 43. Rxc2 Bxc2 44. Re2 d3 45. Rd2 h5 46. Nf2 Re3 47.
Kg1 Re2 48. Rxd3+ Bxd3 49. Nxd3 Rd2 50. Nb4 Rxb2 0-1

[Event "MCR senioru 2013 - 70"]
[Site "?"]
[Date "2013.08.25"]
[Round "9.9"]
[White "Slovak, Martin"]
[Black "Kosek, Lubomir"]
[Result "0-1"]
[WhiteElo "1761"]
[BlackElo "1784"]
[PlyCount "146"]

1. d4 Nf6 2. c4 g6 3. Nc3 Bg7 4. e4 d6 5. Nf3 O-O 6. Be2 Nbd7 7. O-O e5 8. d5
Nc5 9. Bg5 h6 10. Bxf6 Bxf6 11. Qd2 Bg7 12. b4 Nd7 13. g3 Kh7 14. Nh4 Nf6 15.
Rab1 Bh3 16. Rfe1 Ng8 17. Bf1 Qd7 18. Bg2 Bxg2 19. Kxg2 h5 20. Nf3 Bh6 21. Qd3
Ne7 22. Nh4 f5 23. exf5 Nxf5 24. Re4 Qf7 25. Rf1 Nxh4+ 26. Rxh4 Qf5 27. Qxf5
Rxf5 28. Re4 a6 29. a4 Bd2 30. Na2 a5 31. b5 Raf8 32. f3 g5 33. g4 Rf4 34. h3
h4 35. Re2 Rd4 36. Rd1 Be3 37. Rxd4 Bxd4 38. Re4 c6 39. Nc1 cxd5 40. cxd5 Rc8
41. Nb3 Rc2+ 42. Kh1 Bb6 43. Re1 Kg6 44. Rd1 Kf6 45. Nd2 Ke7 46. Ne4 Be3 47.
Rd3 Bf4 48. Rc3 Rh2+ 49. Kg1 Kd7 50. b6 Ra2 51. Rc7+ Kd8 52. Nxd6 Be3+ 53. Kf1
Bxb6 54. Rxb7 Be3 55. Nf7+ Kc8 56. Rb5 Rxa4 57. Nxe5 Kc7 58. Nc6 Bd2 59. Ke2
Bb4 60. Kd3 Kd6 61. Nxb4 axb4 62. Kc4 b3+ 63. Kxb3 Rf4 64. Kc2 Rxf3 65. Rb3
Rxb3 66. Kxb3 Kxd5 67. Kc3 Ke4 68. Kd2 Kf3 69. Ke1 Kg2 70. Ke2 Kxh3 71. Kf3 Kh2
72. Kf2 h3 73. Kf3 Kg1 0-1

[Event "MCR senioru 2013 - 70"]
[Site "?"]
[Date "2013.08.25"]
[Round "9.10"]
[White "Blazek, Jaroslav"]
[Black "Matoulek, Jaroslav"]
[Result "1/2-1/2"]
[WhiteElo "1687"]
[BlackElo "1727"]
[PlyCount "39"]
[EventDate "2013.??.??"]
[SourceDate "2013.08.25"]

1. e4 e5 2. Nf3 Nc6 3. Nc3 Nf6 4. d4 exd4 5. Nxd4 Nxd4 6. Qxd4 d6 7. Be2 Be7 8.
O-O O-O 9. Nd5 Nxd5 10. exd5 Bf6 11. Qd3 Re8 12. c3 b6 13. Bf3 Bb7 14. Bd2 Qd7
15. Rae1 Re5 16. Bf4 Rxe1 17. Rxe1 Re8 18. Rxe8+ Qxe8 19. Qe3 Qxe3 20. Bxe3
1/2-1/2